Normal view
MARC view
- KINEMATIC MODELING IDENTIFICATION AND CONTROL OF ROBOTIC ANIPULATION
Entry Topical Term
001 - CONTROL NUMBER
- control field: 65509
003 - CONTROL NUMBER IDENTIFIER
- control field: NUST
005 - DATE AND TIME OF LATEST TRANSACTION
- control field: 20210628203439.0
008 - FIXED-LENGTH DATA ELEMENTS
- fixed length control field: 210628|| aca||aabn | a|a d
040 ## - CATALOGING SOURCE
- Original cataloging agency: NUST
- Transcribing agency: NUST
150 ## - HEADING--TOPICAL TERM
- Topical term or geographic name entry element: KINEMATIC MODELING IDENTIFICATION AND CONTROL OF ROBOTIC ANIPULATION
670 ## - SOURCE DATA FOUND
- Source citation: Work cat.: (NUST): STONE, H.W 65508, KINEMATIC MODELING IDENTIFICATION AND CONTROL OF ROBOTIC ANIPULATION, 1987
